All Cities in São Paulo with 50.000 inhabitants - Statistics

General Stats
  • This quiz has been taken 387 times
  • The average score is 51 of 139
Answer Stats
# Pop. City % Correct
1 12.2m São Paulo
99%
2 1.3m Guarulhos
91%
3 1.2m Campinas
90%
13 433k Santos
87%
8 698k Osasco
83%
6 718k Santo André
78%
7 703k Ribeirão Preto
75%
9 679k Sorocaba
71%
4 838k São Bernardo do Campo
70%
15 418k Jundiaí
69%
5 721k São José dos Campos
69%
14 423k Diadema
68%
22 325k Praia Grande
67%
23 320k Guarujá
66%
47 173k Itu
66%
11 460k São José do Rio Preto
64%
88 90k Ubatuba
64%
18 376k Bauru
63%
16 404k Piracicaba
61%
12 445k Mogi das Cruzes
60%
40 228k Presidente Prudente
60%
51 161k São Caetano do Sul
58%
31 251k São Carlos
57%
29 274k Barueri
54%
10 472k Mauá
54%
24 314k Taubaté
54%
21 353k Franca
53%
34 239k Americana
52%
25 306k Limeira
52%
20 365k São Vicente
51%
37 236k Araraquara
50%
85 93k Mogi Mirim
50%
35 238k Marília
49%
60 129k Valinhos
49%
48 168k Bragança Paulista
48%
55 146k Botucatu
46%
135 52k Campos do Jordão
46%
71 121k Caraguatatuba
46%
30 273k Embu das Artes
46%
41 206k Rio Claro
46%
26 297k Suzano
46%
19 370k Itaquaquecetuba
44%
53 151k Mogi Guaçu
44%
91 88k São Sebastião
44%
56 142k Atibaia
43%
42 197k Araçatuba
42%
33 249k Cotia
42%
27 289k Taboão da Serra
42%
32 251k Indaiatuba
41%
64 123k Ribeirão Pires
41%
49 168k Pindamonhangaba
40%
66 122k Barretos
39%
54 150k Jaú
39%
113 63k Bertioga
38%
59 130k Cubatão
38%
75 113k Ourinhos
38%
97 78k Vinhedo
37%
69 121k Guaratinguetá
36%
87 91k São Roque
36%
17 400k Carapicuíba
35%
39 230k Hortolândia
35%
36 237k Itapevi
35%
79 101k Itanhaém
34%
38 233k Jacareí
33%
110 68k Peruíbe
33%
74 117k Poá
33%
126 56k Registro
33%
73 118k Salto
33%
58 134k Araras
32%
43 194k Ferraz de Vasconcelos
32%
50 163k Itapetininga
32%
28 282k Sumaré
32%
90 89k Arujá
31%
77 104k Assis
31%
125 56k Mongaguá
31%
44 193k Santa Bárbara do Oeste
31%
80 101k Caieiras
30%
106 69k Embu-Guaçu
30%
46 175k Itapecerica da Serra
30%
81 100k Mairiporã
30%
52 154k Franco da Rocha
29%
62 124k Jandira
29%
92 88k Lorena
29%
119 59k Mirassol
29%
131 54k Olímpia
29%
45 175k Francisco Morato
28%
78 103k Leme
28%
98 78k Lins
28%
101 76k Cajamar
27%
83 94k Itapeva
26%
57 139k Santana de Parnaíba
26%
89 90k Avaré
25%
63 123k Birigui
25%
115 61k Itupeva
25%
108 68k Mococa
25%
70 121k Tatuí
25%
65 122k Votorantim
25%
67 121k Catanduva
24%
95 82k Cruzeiro
24%
107 69k Fernandópolis
24%
76 109k Paulínia
24%
72 120k Itatiba
23%
102 76k Pirassununga
23%
61 125k Sertãozinho
23%
116 60k Boituva
22%
82 94k Votuporanga
22%
105 72k Amparo
21%
94 83k Matão
21%
86 91k São João da Boa Vista
21%
99 77k Bebedouro
20%
84 94k Caçapava
20%
133 53k Porto Feliz
19%
137 50k Rio Grande da Serra
19%
124 57k Andradina
18%
121 57k Jaguariúna
18%
117 60k Nova Odessa
18%
114 62k Batatais
17%
109 68k Lençóis Paulista
17%
111 65k Tupã
17%
134 52k Vargem Grande Paulista
17%
68 121k Várzea Paulista
17%
128 55k Capivari
16%
96 78k Ibiúna
16%
100 77k Jaboticabal
16%
112 63k Penápolis
16%
122 57k Santa Isabel
16%
103 74k Itapira
15%
127 56k Porto Ferreira
15%
130 54k São José do Rio Pardo
15%
120 59k Monte Mor
14%
93 84k Campo Limpo Paulista
13%
129 55k Piedade
12%
132 54k Artur Nogueira
10%
104 72k Cosmópolis
10%
138 50k Itararé
10%
118 60k Ibitinga
8%
123 57k Taquaritinga
8%
136 51k São Joaquim da Barra
7%
139 50k Monte Alto
5%
No matching quizzes found
Score Distribution
Percent of People with Each Score
Percentile by Number Answered
Your Score History
You have not taken this quiz